Public administrations and services of general interest: : what kind of Europeanisation?
Αποθηκεύτηκε σε:
| Συγγραφή απο Οργανισμό/Αρχή: | |
|---|---|
| Άλλοι συγγραφείς: | |
| Μορφή: | Βιβλίο |
| Γλώσσα: | English |
| Δημοσίευση: |
Maastricht :
European Institute of Public Administration (EIPA),
2005
|
| Θέματα: | |
| Ετικέτες: |
Προσθήκη ετικέτας
Δεν υπάρχουν, Καταχωρήστε ετικέτα πρώτοι!
|
MARC
| LEADER | 00000nam a2200000 i 4500 | ||
|---|---|---|---|
| 001 | 1/80168 | ||
| 008 | 080403s2005 eng d | ||
| 020 | |a 90-6779-198-9 | ||
| 035 | |l 10096146 | ||
| 040 | |a GR-MY-UA |b gre |e aacr | ||
| 041 | 0 | |a eng | |
| 082 | 0 | |a 352.114 PUB |2 (22) | |
| 245 | 1 | 0 | |a Public administrations and services of general interest: : |b what kind of Europeanisation? / |c unter the direction of Michel Mangenot ; in collaboration with the Luxembourg presidency of the Council of the European Union ; preliminary remarks by Gerard Druesne ; foreword by Claude Wiseler |
| 260 | |a Maastricht : |b European Institute of Public Administration (EIPA), |c 2005 | ||
| 300 | |a xiii, 186 σ.; |b εικ.; |c 24 εκ. | ||
| 500 | |a Luxembourg presidency of the Council of the European Union (1 Janouary-30 June 2005) | ||
| 504 | |a Περιέχει βιβλιογραφικές παραπομπές | ||
| 650 | 0 | 0 | |a Public administration |z European Union countries. |
| 651 | 0 | |a European Union countries |x Officials and employees. | |
| 700 | 1 | |a Mangenot, Michel. |4 dto | |
| 710 | 2 | |a Council of the European Union. | |
| 852 | |a INST |b LESVOS |e 20080403 |h 352.114 PUB |p 005100039504 |q 005100039504 |t BK |y 0 | ||
| 901 | |a BIBL1-2008-1 | ||
| 909 | |a Λ |b 142880 | ||
| 922 | |a 1ΕΛΗ |b 200712 |c ΕΠΕΑΕΚ2/ΤΚ |d ΕΛΕΥΘΕΡΟΥΔΑΚΗΣ | ||
| 970 | |a ΚΑΡΑ |b ΓΙΑΣΕΜΗ |z 2008/04/03 | ||